000 00846nam a2200241 a 4500
008
020 _a1901830195 (pbk.)
049 _aMAIN
090 _aZ465
_bMAK
100 1 _aMakotsi, Ruth.
245 1 0 _aExpanding the book trade across africa :
_ba study of current barriers and future potential /
_cRuth Makotsi.
260 _aHarare :
_bAPNET,
_c2000.
300 _ax, 117p. :
_bill ;
_c24 cm.
440 _aPerspectives on african book development ;
_v7.
500 _aIncludes index.
650 1 _aBook industries and trade
_zSouth Africa.
710 _aAssociation for the Development of Education in Africa.
_bWorking Group on Books and Learning Materials.
907 _a.b10259090
_b05-05-12
_c11-12-08
003
005 20230123124921.0
040 _cNUST
942 _cBOOKS
_kZ465
_mMAK
999 _c132539
_d132539